[Event "Moscow MGSU Rector Cup"]
[Site "Moscow"]
[Date "2012.11.10"]
[Round "3"]
[White "Nepomniachtchi, Ian"]
[Black "Hait, Alexander"]
[Result "1-0"]
[WhiteElo "2707"]
[BlackElo "2377"]
[PlyCount "61"]
[EventDate "2012.11.09"]
[EventType "swiss (rapid)"]
[EventRounds "11"]
[EventCountry "RUS"]
[SourceTitle "EXT 2013"]
[Source "ChessBase"]
[SourceDate "2012.11.22"]
[SourceVersion "1"]
[SourceVersionDate "2012.11.22"]
[SourceQuality "1"]

1. e4 d6 2. d4 Nf6 3. Nc3 g6 4. g3 Bg7 5. Bg2 0-0 6. Nge2 e5 7. 0-0 c6 8. a4 exd4 9. Nxd4 Na6 10. h3 Nb4 11. a5 d5 12. exd5 Nbxd5 13. Nxd5 cxd5 14. c3 Re8 15. Qb3 a6 16. Be3 Ne4 17. Nc2 Be6 18. Rfd1 Qc8 19. Bd4 Bxh3 20. Qxd5 Bxg2 21. Kxg2 Nf6 22. Qf3 Re6 23. Re1 Qd7 24. Rxe6 fxe6 25. Bxf6 Rf8 26. Rd1 Qa4 27. Rd8 Qxc2 28. Rxf8+ Bxf8 29. Qxb7 Qd3 30. Bd4 h5 31. b4 1-0

[Event "Moscow-ch"]
[Site "Moscow"]
[Date "2000.??.??"]
[Round "5"]
[White "Buyakevich, Aleksander Evgeniev"]
[Black "Hait, Alexander"]
[Result "0-1"]
[WhiteElo "2210"]
[BlackElo "2378"]
[PlyCount "54"]
[EventDate "2000.05.??"]
[EventType "swiss"]
[EventRounds "9"]
[EventCountry "RUS"]
[SourceTitle "EXT 2001"]
[Source "ChessBase"]
[SourceDate "2000.11.22"]
[SourceVersion "1"]
[SourceVersionDate "2000.11.22"]
[SourceQuality "1"]

1. e4 c5 2. c3 e6 3. d4 d5 4. e5 Nc6 5. Nf3 Qb6 6. a3 cxd4 7. cxd4 Bd7 8. Be2 Nge7 9. b3 Nf5 10. Bb2 h5 11. Bc3 Be7 12. h4 Rc8 13. g3 g6 14. 0-0 0-0 15. Ra2 Rc7 16. Qd2 Rfc8 17. Kg2 a6 18. Bd1 Bf8 19. Bc2 Bh6 20. Qd1 Qa7 21. Bxf5 exf5 22. Bd2 f4 23. gxf4 Bg4 24. Be3 Ne7 25. Qd2 Nf5 26. Rh1 Qb6 27. Rb2 Qe6 0-1

[Event "Moscow-ch"]
[Site "Moscow"]
[Date "2000.??.??"]
[Round "7"]
[White "Grigoriants, Sergey"]
[Black "Hait, Alexander"]
[Result "1-0"]
[WhiteElo "2451"]
[BlackElo "2378"]
[PlyCount "85"]
[EventDate "2000.05.??"]
[EventType "swiss"]
[EventRounds "9"]
[EventCountry "RUS"]
[SourceTitle "EXT 2001"]
[Source "ChessBase"]
[SourceDate "2000.11.22"]
[SourceVersion "1"]
[SourceVersionDate "2000.11.22"]
[SourceQuality "1"]

1. c4 g6 2. Nf3 Bg7 3. d4 Nf6 4. g3 0-0 5. Bg2 d6 6. Nc3 Nc6 7. 0-0 a6 8. b3 Rb8 9. Nd5 Ne4 10. Bb2 e6 11. Ne3 Bd7 12. Nd2 Nxd2 13. Qxd2 Ne7 14. Rac1 c6 15. f4 Nf5 16. Nc2 c5 17. e4 Nxd4 18. Nxd4 cxd4 19. Bxd4 e5 20. Bb2 Bc6 21. f5 b5 22. Ba3 b4 23. Bb2 Qb6+ 24. Kh1 Rfd8 25. h4 Qb7 26. Rce1 Qe7 27. Bc1 a5 28. Qf2 f6 29. g4 gxf5 30. gxf5 a4 31. Bf3 Kh8 32. Rg1 axb3 33. axb3 Qf8 34. Qd2 Qf7 35. Rg2 Bf8 36. Reg1 Be7 37. Qh6 Rg8 38. Bh5 Bxe4 39. Kh2 Qf8 40. Rxg8+ Qxg8 41. Rxg8+ Rxg8 42. Qe3 Bxf5 43. Qa7 1-0

[Event "Moscow-ch op"]
[Site "Moscow"]
[Date "1998.??.??"]
[Round "1"]
[White "Hait, Alexander"]
[Black "Dobrotin, Aleksandr E"]
[Result "1-0"]
[WhiteElo "2420"]
[BlackElo "2230"]
[PlyCount "41"]
[EventDate "1998.??.??"]
[EventType "swiss"]
[EventRounds "9"]
[EventCountry "RUS"]
[SourceTitle "EXT 2000"]
[Source "ChessBase"]
[SourceDate "1999.11.16"]
[SourceVersion "1"]
[SourceVersionDate "1999.11.16"]
[SourceQuality "1"]

1. e4 e5 2. Nf3 Nc6 3. Bb5 a6 4. Ba4 Nf6 5. 0-0 b5 6. Bb3 Be7 7. Re1 d6 8. c3 Bg4 9. d3 Na5 10. Bc2 c5 11. Nbd2 0-0 12. Nf1 d5 13. exd5 Qxd5 14. Ne3 Bxf3 15. Nxd5 Bxd1 16. Nxe7+ Kh8 17. Bxd1 g6 18. b4 cxb4 19. cxb4 Ra7 20. bxa5 Rxe7 21. Ba3 1-0

[Event "Moscow-ch"]
[Site "Moscow"]
[Date "1997.??.??"]
[Round "3"]
[White "Arbakov, Valentin"]
[Black "Hait, Alexander"]
[Result "1-0"]
[WhiteElo "2490"]
[BlackElo "2370"]
[PlyCount "109"]
[EventDate "1997.??.??"]
[EventType "swiss"]
[EventRounds "9"]
[EventCountry "RUS"]
[SourceTitle "EXT 2000"]
[Source "ChessBase"]
[SourceDate "1999.11.16"]
[SourceVersion "1"]
[SourceVersionDate "1999.11.16"]
[SourceQuality "1"]

1. c4 g6 2. d4 Nf6 3. Nc3 Bg7 4. e4 d6 5. f3 0-0 6. Bg5 a6 7. Nge2 Nbd7 8. Ng3 c5 9. d5 b5 10. cxb5 Qa5 11. a4 Qb4 12. Bd2 c4 13. Qc1 Qc5 14. Be2 axb5 15. Be3 Qb4 16. axb5 Bb7 17. 0-0 Rxa1 18. Qxa1 Ra8 19. Qb1 e6 20. dxe6 fxe6 21. Rd1 d5 22. Qc2 Nc5 23. Kh1 Nb3 24. e5 Nd7 25. f4 Bh6 26. Bg4 Qe7 27. Qe2 Bg7 28. Bh3 Ndc5 29. Qg4 Bc8 30. Nge2 Nd3 31. Rb1 Nd2 32. Rd1 Nb3 33. Rb1 Nd2 34. Rg1 Nb3 35. b6 Qb4 36. Qh4 Bf8 37. Qf6 Nbc5 38. Nxd5 exd5 39. e6 Nxe6 40. Bxe6+ Bxe6 41. Qxe6+ Kh8 42. Qxd5 Re8 43. Bd4+ Bg7 44. Qf7 Rg8 45. h3 Bxd4 46. Nxd4 Qxb6 47. Ne6 Qxb2 48. Ng5 Qg7 49. Qxc4 Nf2+ 50. Kh2 h6 51. Nf7+ Kh7 52. Ne5 Qa7 53. Re1 Rg7 54. Qc2 Qd4 55. g3 1-0

[Event "Moscow-B"]
[Site "Moscow"]
[Date "1997.??.??"]
[Round "4"]
[White "Hait, Alexander"]
[Black "Gaspariants, Garry"]
[Result "1/2-1/2"]
[WhiteElo "2370"]
[BlackElo "2265"]
[PlyCount "52"]
[EventDate "1997.??.??"]
[EventType "tourn"]
[EventRounds "9"]
[EventCountry "RUS"]
[SourceTitle "EXT 2000"]
[Source "ChessBase"]
[SourceDate "1999.11.16"]
[SourceVersion "1"]
[SourceVersionDate "1999.11.16"]
[SourceQuality "1"]

1. e4 e5 2. Nf3 Nc6 3. Bb5 a6 4. Ba4 Nf6 5. 0-0 Be7 6. Bxc6 dxc6 7. d3 Bg4 8. h3 Bxf3 9. Qxf3 Qd6 10. Nd2 Nd7 11. Nc4 Qf6 12. Qg3 Qg6 13. Qh2 Qe6 14. f4 Bf6 15. Qg3 0-0-0 16. Qf2 c5 17. f5 Qe7 18. a3 Nb6 19. Nxb6+ cxb6 20. b4 Kb8 21. bxc5 bxc5 22. Be3 Rc8 23. Rab1 Rc6 24. Rb3 Rhc8 25. Rfb1 R8c7 26. c4 Bg5 1/2-1/2

[Event "Pardubice op"]
[Site "Pardubice"]
[Date "1993.??.??"]
[Round "4"]
[White "Hait, Alexander"]
[Black "Haba, Petr"]
[Result "1/2-1/2"]
[WhiteElo "2360"]
[BlackElo "2485"]
[PlyCount "55"]
[EventDate "1993.07.??"]
[EventType "swiss"]
[EventRounds "9"]
[EventCountry "CZE"]
[SourceTitle "TD"]
[Source "ChessBase"]
[SourceDate "1994.03.01"]
[SourceVersion "1"]
[SourceVersionDate "1994.03.01"]
[SourceQuality "1"]

1. e4 e6 2. d4 d5 3. exd5 Qxd5 4. Nf3 Nf6 5. Bd3 b6 6. Nc3 Bb4 7. 0-0 Bxc3 8. bxc3 Ba6 9. Bf4 Ne4 10. Bxa6 Nxa6 11. Qd3 Qb7 12. Rfe1 Nf6 13. Ne5 0-0 14. Bg5 Nd5 15. Nd7 Rfe8 16. c4 Ne7 17. Nf6+ gxf6 18. Bxf6 Nb8 19. Bxe7 Rxe7 20. Qg3+ Kf8 21. Qe5 Ke8 22. Qh8+ Kd7 23. d5 Na6 24. dxe6+ Rxe6 25. Qd4+ Kc8 26. Qh8+ Kd7 27. Qd4+ Kc8 28. Qh8+ 1/2-1/2

[Event "Pardubice op"]
[Site "Pardubice"]
[Date "1993.??.??"]
[Round "9"]
[White "Stripunsky, Alexander"]
[Black "Hait, Alexander"]
[Result "1/2-1/2"]
[WhiteElo "2490"]
[BlackElo "2360"]
[PlyCount "54"]
[EventDate "1993.07.??"]
[EventType "swiss"]
[EventRounds "9"]
[EventCountry "CZE"]
[SourceTitle "TD"]
[Source "ChessBase"]
[SourceDate "1994.03.01"]
[SourceVersion "1"]
[SourceVersionDate "1994.03.01"]
[SourceQuality "1"]

1. e4 d6 2. d4 Nf6 3. Nc3 g6 4. Nf3 Bg7 5. Be2 0-0 6. 0-0 c5 7. dxc5 dxc5 8. Be3 b6 9. Qc1 Bb7 10. Rd1 Qc8 11. Nd5 Nc6 12. Nxf6+ Bxf6 13. c3 Qe6 14. Ng5 Qc8 15. Bf4 Ba6 16. Bxa6 Qxa6 17. Qe3 Rad8 18. Re1 Rd3 19. Qe2 Rfd8 20. Nf3 Bg7 21. Rf1 Qc4 22. Bc7 R8d7 23. Rad1 Na5 24. Rxd3 Qxd3 25. Qxd3 Rxd3 26. Bf4 Nc4 27. Bc1 Ne5 1/2-1/2

[Event "Budapest Spring op 06th"]
[Site "Budapest"]
[Date "1990.??.??"]
[Round "6"]
[White "Marin, Mihail"]
[Black "Hait, Alexander"]
[Result "0-1"]
[WhiteElo "2480"]
[BlackElo "2340"]
[PlyCount "42"]
[EventDate "1990.03.??"]
[EventType "swiss"]
[EventRounds "9"]
[EventCountry "HUN"]
[SourceTitle "CBM 017 Extra"]
[Source "ChessBase"]
[SourceDate "1990.09.01"]
[SourceVersion "1"]
[SourceVersionDate "1990.09.01"]
[SourceQuality "1"]

1. d4 Nf6 2. c4 g6 3. Nc3 Bg7 4. e4 d6 5. Nf3 0-0 6. Be2 e5 7. Be3 Qe7 8. dxe5 dxe5 9. Nd5 Qd8 10. Bc5 Nxe4 11. Bxf8 Bxf8 12. Qc2 Nc5 13. Nxe5 Bf5 14. Qc3 c6 15. g4 Ne4 16. Qb3 cxd5 17. Qxb7 Nd7 18. Nc6 Qg5 19. Qxa8 Qd2+ 20. Kf1 Bxg4 21. Ne7+ Kg7 0-1